000 00663nam a2200253 i 4500
001 bg
100 1 _aKuczyńska-Cesarz, Anna.
245 0 _aZasady rachunkowości :
_bpodręcznik.
_nCz.1,
_pWykład /
_cAnna Kuczyńska-Cesarz.
260 _aWarszawa :
_b"Difin",
_c2001.
300 _a183 s. ;
_c24 cm.
490 1 _aEdukacja
650 9 _aRachunkowość
655 _aPodręczniki
830 _aEdukacja
020 _a8372511942
040 _cBPK
041 0 _apl
080 _a657
080 _a(07)
920 _a83-7251-194-2
942 _cKS
008 s pl f |000 0 pol
999 _c40102
_d40102
856 _uhttp://koha.tu.koszalin.pl/cgi-bin/koha/opac-detail.pl?biblionumber=40102
_yKatalog online BPK